00487nam a2200109Ia 4500008004100000050002300041100002300064245014800087260008600235300002900321521002700350140724s9999 xx 000 0 und d aT 58.6b.L864 2014 aLopez, Kristine B. 2aA cooperative lending system for the employees of generation one resource service and multi-purpose cooperative (Gen One) /cKristine B. Lopez. aLas Piñas, Philippines :bSouthville International School and Colleges,cc2014. a116 p. :bill. ;c28 cm. aInformation Technology